Clubs où ont évolué tous les champions du monde 2018 - Statistiques

Statistiques générales
  • Ce quiz a été pris 80 fois
  • Le résultat moyen est 96 sur 124
Statistiques - réponses
Joueur Réponse Années % Correct
N°5 Samuel Umtiti Barcelone 2016-2022
100%
N°7 Antoine Griezmann Barcelone 2019-2021
100%
N°11 Ousmane Dembélé Barcelone 2017-2023
100%
N°2 Benjamin Pavard Marseille 2025-2026
100%
N°16 Steve Mandanda Marseille 2007-2016
100%
N°16 Steve Mandanda Marseille 2017-2022
100%
N°17 Adil Rami Marseille 2017-2019
100%
N°20 Florian Thauvin Marseille 2013-2015
100%
N°20 Florian Thauvin Marseille 2016-2021
100%
N°22 Benjamin Mendy Marseille 2013-2016
100%
N°6 Paul Pogba Monaco 2025-2026
100%
N°8 Thomas Lemar Monaco 2015-2018
100%
N°10 Kylian Mbappé Monaco 2015-2017
100%
N°19 Djibril Sidibé Monaco 2016-2019
100%
N°19 Djibril Sidibé Monaco 2020-2022
100%
N°22 Benjamin Mendy Monaco 2016-2017
100%
N°3 Presnel Kimpembe Paris 2014-2025
100%
N°10 Kylian Mbappé Paris 2017-2024
100%
N°14 Blaise Matuidi Paris 2011-2017
100%
N°21 Lucas Hernandez Paris 2023-2026
100%
N°23 Alphonse Areola Paris 2012-2013
100%
N°23 Alphonse Areola Paris 2016-2019
100%
N°4 Raphaël Varane Real Madrid 2011-2021
100%
N°10 Kylian Mbappé Real Madrid 2024-2026
100%
N°23 Alphonse Areola Real Madrid 2019-2020
100%
N°7 Antoine Griezmann Atletico Madrid 2014-2019
99%
N°7 Antoine Griezmann Atletico Madrid 2021-2026
99%
N°8 Thomas Lemar Atletico Madrid 2018-2026
99%
N°21 Lucas Hernandez Atletico Madrid 2014-2019
99%
N°9 Olivier Giroud Chelsea 2018-2021
99%
N°13 N'golo Kanté Chelsea 2016-2023
99%
N°4 Raphaël Varane Lens 2010-2011
99%
N°20 Florian Thauvin Lens 2025-2026
99%
N°23 Alphonse Areola Lens 2013-2014
99%
N°4 Raphaël Varane Manchester United 2021-2024
99%
N°6 Paul Pogba Manchester United 2011-2012
99%
N°6 Paul Pogba Manchester United 2016-2022
99%
N°11 Ousmane Dembélé Rennes 2015-2016
99%
N°15 Steven Nzonzi Rennes 2020-2021
99%
N°16 Steve Mandanda Rennes 2022-2025
99%
N°2 Benjamin Pavard Inter Milan 2023-2026
97%
N°1 Hugo Lloris Lyon 2008-2012
97%
N°5 Samuel Umtiti Lyon 2011-2016
97%
N°12 Corentin Tolisso Lyon 2013-2017
97%
N°12 Corentin Tolisso Lyon 2022-2026
97%
N°18 Nabil Fekir Lyon 2013-2019
97%
N°2 Benjamin Pavard Bayern Munich 2019-2023
96%
N°12 Corentin Tolisso Bayern Munich 2017-2022
96%
N°21 Lucas Hernandez Bayern Munich 2019-2023
96%
N°11 Ousmane Dembélé Dortmund 2016-2017
96%
N°6 Paul Pogba Juventus 2012-2016
96%
N°6 Paul Pogba Juventus 2022-2024
96%
N°14 Blaise Matuidi Juventus 2017-2020
96%
N°1 Hugo Lloris Tottenham 2012-2024
96%
N°9 Olivier Giroud Arsenal 2012-2018
94%
N°2 Benjamin Pavard Lille 2014-2016
94%
N°5 Samuel Umtiti Lille 2023-2025
94%
N°9 Olivier Giroud Lille 2025-2026
94%
N°17 Adil Rami Lille 2006-2011
94%
N°19 Djibril Sidibé Lille 2012-2016
94%
N°22 Benjamin Mendy Manchester City 2017-2023
94%
N°9 Olivier Giroud Milan 2021-2024
94%
N°17 Adil Rami Milan 2014-2015
94%
N°9 Olivier Giroud Montpellier 2010-2012
94%
N°11 Ousmane Dembélé Paris 2023-2026
94%
N°1 Hugo Lloris Los Angeles FC 2024-2026
93%
N°9 Olivier Giroud Los Angeles FC 2024-2025
93%
N°18 Nabil Fekir Betis Séville 2019-2024
90%
N°1 Hugo Lloris Nice 2005-2008
90%
N°15 Steven Nzonzi FC Séville 2015-2018
89%
N°17 Adil Rami FC Séville 2015-2017
89%
N°13 N'golo Kanté Leicester 2015-2016
87%
N°14 Blaise Matuidi Saint-Etienne 2007-2011
87%
N°23 Alphonse Areola West Ham 2021-2026
86%
N°22 Benjamin Mendy Lorient 2023-2025
85%
N°8 Thomas Lemar Caen 2013-2015
79%
N°13 N'golo Kanté Caen 2013-2015
79%
N°19 Djibril Sidibé Toulouse 2024-2026
79%
N°13 N'golo Kanté Fenerbahçe 2026
77%
N°17 Adil Rami Fenerbahçe 2019-2020
77%
N°7 Antoine Griezmann Real Sociedad 2009-2014
77%
N°2 Benjamin Pavard Stuttgart 2016-2019
73%
N°16 Steve Mandanda Le Havre 2004-2007
72%
N°22 Benjamin Mendy Le Havre 2011-2013
72%
N°20 Florian Thauvin Tigres 2021-2023
72%
N°4 Raphaël Varane Côme 2024
66%
N°14 Blaise Matuidi Inter Miami 2020-2022
66%
N°20 Florian Thauvin Newcastle 2015-2016
66%
N°20 Florian Thauvin Bastia 2011-2013
65%
N°23 Alphonse Areola Bastia 2014-2015
65%
N°16 Steve Mandanda Crystal Palace 2016-2017
65%
N°20 Florian Thauvin Udinese 2023-2025
65%
N°13 N'golo Kanté Al-Ittihad 2023-2026
61%
N°9 Olivier Giroud Grenoble 2005-2007
61%
N°20 Florian Thauvin Grenoble 2010-2011
61%
N°9 Olivier Giroud Tours 2008-2010
61%
N°14 Blaise Matuidi Troyes 2004-2007
58%
N°17 Adil Rami Troyes 2021-2023
58%
N°19 Djibril Sidibé Troyes 2009-2012
58%
N°5 Samuel Umtiti Lecce 2022-2023
51%
N°8 Thomas Lemar Gérone 2025-2026
49%
N°17 Adil Rami Valence 2011-2014
49%
N°15 Steven Nzonzi AS Rome 2018-2019
46%
N°13 N'golo Kanté Boulogne-sur-Mer 2011-2013
39%
N°15 Steven Nzonzi Galatasaray 2019-2020
39%
N°23 Alphonse Areola Villarreal 2015-2016
39%
N°23 Alphonse Areola Fulham 2020-2021
38%
N°9 Olivier Giroud Istres 2007-2008
37%
N°19 Djibril Sidibé Everton 2019-2020
34%
N°17 Adil Rami Fréjus 2003-2006
31%
N°15 Steven Nzonzi Amiens 2007-2009
28%
N°15 Steven Nzonzi Stoke 2012-2015
27%
N°15 Steven Nzonzi Stoke 2025-2026
27%
N°3 Presnel Kimpembe Qatar SC 2025-2026
24%
N°19 Djibril Sidibé AEK Athènes 2022-2024
23%
N°18 Nabil Fekir Al Jazira 2024-2026
18%
N°17 Adil Rami Boavista 2020-2021
17%
N°17 Adil Rami Sotchi 2020
10%
N°15 Steven Nzonzi Blackburn 2009-2012
8%
N°15 Steven Nzonzi Sepahan 2024-2025
8%
N°15 Steven Nzonzi Al-Rayyan 2021-2023
7%
N°22 Benjamin Mendy Zurich 2025
7%
N°15 Steven Nzonzi Konyaspor 2023-2024
6%
N°22 Benjamin Mendy Pogoń Szczecin 2025-2026
3%
Aucun quiz correspondant
Distribution des résultats
% des personnes avec chaque résultat
Percentile par nombre de réponses
Votre historique - résultats
Vous n’avez pas pris ce quiz